• 首页
  • 本馆介绍
  • 公告通知
  • 最新文献
  • 馆藏检索
  • 电子资源
  • 读者导购
  • 参考咨询
  • 我的图书馆
  • 登录
  • 详细信息显示
  • 放入我的书架
  • 预约/预借图书
  • 作者相关作品
  • 分类相关作品
  • 丛书相关作品
  • 出版社相关作品

书目信息

  • 表格格式
  • 工作单格式
  • 卡片格式
题名:
食物,有爱的故事
    
 
作者: 加菲根 著 ;邵宛澍 译
分册:  
出版信息: 上海   上海文化出版社  2020
页数: 244页
开本: 22cm
丛书名:
单 册:
中图分类: TS971.2(712) , TS971.2
科图分类:
主题词: 饮食--文化--美国
电子资源:
ISBN: 978-7-5535-1995-1
000 00907nam0 2200253 450
001 2366118311
005 20231201182212.93
010    @a978-7-5535-1995-1@dCNY42.00
100    @a20210111d2020 em y0chiy50 ea
101 1  @achi@ceng
102    @aCN@b310000
105    @aa z 000yy
200 1  @a食物,有爱的故事@Ashi wu,you ai de gu shi@dFood, a love story@f(美)吉姆·加菲根(Jim Gaffigan)著@g邵宛澍译@zeng
210    @a上海@c上海文化出版社@d2020
215    @a244页@d22cm
330    @a本书介绍了美国的快餐文化与平民饮食,有家庭故事、旅行见闻,也有饕餮指南、“全民”飨宴。
510 1  @aFood, a love story@zeng
606 0  @a饮食@x文化@y美国
690    @aTS971.2(712)@v5
690    @aTS971.2@v4
701  0 @c(美)@a加菲根@Ajia fei gen@c(Gaffigan, Jim@f1966-)@4著
702  0 @a邵宛澍@Ashao wan shu@f(1971-)@4译
801  0 @aCN@b大连网信软件有限公司图书馆·11@c20231201
905    @aZUCC@dTS971.2@e74
    
    食物,有爱的故事=Food, a love story/(美)吉姆·加菲根(Jim Gaffigan)著/邵宛澍译.-上海:上海文化出版社,2020
    244页;22cm
    
    
    ISBN 978-7-5535-1995-1:CNY42.00
    本书介绍了美国的快餐文化与平民饮食,有家庭故事、旅行见闻,也有饕餮指南、“全民”飨宴。
●
相关链接 在五车中查询图书 在当当中查询图书 在豆瓣中查询图书


正题名:食物,有爱的故事     索取号:TS971.2/74         预约/预借

序号 登录号 条形码 馆藏地/架位号 状态 备注
1 2001255121   2001255121   辽宁北方(第一批)/辽宁北方(第一批)/57/ [索取号:TS971.2/74] 在馆    
2 2001255122   2001255122   辽宁北方(第一批)/辽宁北方(第一批)/57/ [索取号:TS971.2/74] 在馆    
3 2001255123   2001255123   辽宁北方(第一批)/辽宁北方(第一批)/57/ [索取号:TS971.2/74] 在馆    
4 2001255124   2001255124   辽宁北方(第一批)/辽宁北方(第一批)/57/ [索取号:TS971.2/74] 在馆    
5 2001255125   2001255125   辽宁北方(第一批)/辽宁北方(第一批)/57/ [索取号:TS971.2/74] 在馆    
6 2001255126   2001255126   辽宁北方(第一批)/辽宁北方(第一批)/57/ [索取号:TS971.2/74] 在馆    
山东省滨州职业学院图书馆 欢迎您!
大连网信软件有限公司© 版权所有